Historical dictionary of Mauritius /

Bibliographic Details
Main Author: Rivière, Lindsay
Format: Book
Language:English
Published: Metuchen, N.J. : Scarecrow Press, 1982.
Series:African historical dictionaries ; no. 34.
Subjects:

MARC

Tag First Indicator Second Indicator Subfields
LEADER 00000pam a2200000 a 4500
001 in00000069936
005 20151008055922.0
008 810930s1982 njub bd 00010 eng
010 |a  81016557  
020 |a 081081479X 
035 |a (OCoLC)07876488 
035 |9 AAJ4719AM 
039 0 |a 2  |b 3  |c 3  |d 3  |e 3 
040 |a DLC  |c DLC  |d TXA  |d UtOrBLW 
043 |a i-mf--- 
049 |a TXAM  |c [933229] 
050 0 0 |a DT469.M455  |b R58 
082 0 |a 966/.1/00321  |2 19 
100 1 |a Rivière, Lindsay. 
245 1 0 |a Historical dictionary of Mauritius /  |c by Lindsay Riviere. 
264 1 |a Metuchen, N.J. :  |b Scarecrow Press,  |c 1982. 
300 |a xxxiv, 172 pages :  |b map ;  |c 23 cm. 
336 |a text  |b txt  |2 rdacontent 
337 |a unmediated  |b n  |2 rdamedia 
338 |a volume  |b nc  |2 rdacarrier 
490 1 |a African historical dictionaries ;  |v no. 34 
504 |a Bibliography: pages 141-172. 
651 0 |a Mauritius  |x History  |x Dictionaries. 
830 0 |a African historical dictionaries ;  |v no. 34. 
999 |a MARS 
999 f f |s 0f709a4d-e64c-3a8f-b2e9-8d07b525d94c  |i d44eb2cf-0328-3f1d-8003-abb537402d68  |t 0 
952 f f |p ric  |a Texas A&M University  |b Rellis Campus  |c Joint Library Facility  |d Remote Storage  |t 0  |e DT469.M455 R58  |h Library of Congress classification  |i unmediated -- volume  |m A14806103316 
998 f f |a DT469.M455 R58  |t 0  |l Remote Storage